000 00575nam a2200193Ia 4500
008 151121s9999||||xx |||||||||||||| ||und||
082 _a813/चव्हाण
082 _bHNW-46911
100 _aचव्हाण बियन
245 _aबडा फास्ट
260 _b"सरस प्रकाशन, ठाणे।"
260 _c--
300 _a207
600 _aचव्हाण बियन
630 _aबडा फास्ट
700 _aचव्हाण बियन
730 _aबडा फास्ट
942 _cBOOK
999 _c1233252
_d1233249